Descolonizar el derecho

Bibliographic Details
Main Author: Merino, Roger
Other Authors: Valencia, Areli
Format: eBook
Language:Spanish
Published: Lima: Palestra Editores, 2018
Subjects:
Online Access:Acceso restringido

MARC

LEADER 00000nam a22000007a 4500
005 2019081508568.0
007 cr|||| ||||
008 190815s2018 pe |||||s|||| 00||0 spa d
020 |a 978-612-325-027-0 
035 |a 24071 
040 |a vLex 
090 |c 9203  |d 9203 
100 1 |a Merino, Roger 
245 1 0 |a Descolonizar el derecho  |h [Recurso electrn̤ico] /  |c Roger Merino, Areli Valencia 
256 |a Servicio en ln̕ea 
260 |a Lima:  |b Palestra Editores,  |c 2018 
300 |a 1 recurso electrn̤ico 
506 1 |a Disponible solo en los productos indicados  |d vLex Global  |d vLex Global (Academic Edition, excluding Law Schools)  |d vLex Global (U.S. Academic Edition, Law Schools)  |d vLex Global (U.S. Academic Edition, excluding Law Schools)  |d vLex Global (Academic Edition, Law Schools) 
650 0 4 |a Derecho Internacional  |z Per︢ 
650 0 4 |a Derecho Pb︢lico y Administrativo  |z Per︢ 
700 1 |a Valencia, Areli 
740 0 |a vLex Libros (Servicio en ln̕ea) 
856 4 0 |u http://vlex.com/source/descolonizar-derecho-24071  |z Acceso restringido 
942 |c BOOK 
999 0 |a International Law 
999 0 |a Public and Administrative Law